Medicinal plants of the world : chemical constituents, traditional and modern medicinal uses by Ivan A Ross (Record no. 1214854)

MARC details
000 -LEADER
fixed length control field 01119nam a2200301Ia 4500
003 - CONTROL NUMBER IDENTIFIER
control field OSt
005 - DATE AND TIME OF LATEST TRANSACTION
control field 20221007125214.0
008 - FIXED-LENGTH DATA ELEMENTS--GENERAL INFORMATION
fixed length control field 221006b |||||||| |||| 00| 0 eng d
020 ## - INTERNATIONAL STANDARD BOOK NUMBER
International Standard Book Number 0896035425 (hbd)
-- 99.50
037 ## - SOURCE OF ACQUISITION
Terms of availability Textual
040 ## - CATALOGING SOURCE
Original cataloging agency CDL
Transcribing agency CDL
Language of cataloging eng
041 ## - LANGUAGE CODE
Source of code eng
Language code of text/sound track or separate title eng
100 ## - MAIN ENTRY--PERSONAL NAME
Personal name Ross Ivan A
9 (RLIN) 622351
245 #0 - TITLE STATEMENT
Title Medicinal plants of the world : chemical constituents, traditional and modern medicinal uses by Ivan A Ross
260 ## - PUBLICATION, DISTRIBUTION, ETC.
Place of publication, distribution, etc. Totowa,
Name of publisher, distributor, etc. New Jersey Humana Press
Date of publication, distribution, etc. 1999
300 ## - PHYSICAL DESCRIPTION
Extent xi,415p
Dimensions cm.
500 ## - GENERAL NOTE
General note Glossary 337-347p; Bibliography 349-415p; ^n23/CSL/Carc/99-2000/219^d1999-06-22^mPurchase; ; 2000-2001/02^b2000-04-25^cEBA/007/2000-2001^d2000-04-18^eRs.3,933.00^fEducational Book Agency (India); ; 2000-05-09^c2000-05-11^dSK^r2000-06-14
650 ## - SUBJECT ADDED ENTRY--TOPICAL TERM
Topical term or geographic name entry element Encyclopedia
9 (RLIN) 253560
650 ## - SUBJECT ADDED ENTRY--TOPICAL TERM
Topical term or geographic name entry element Medicinal plants
650 ## - SUBJECT ADDED ENTRY--TOPICAL TERM
Topical term or geographic name entry element World
650 ## - SUBJECT ADDED ENTRY--TOPICAL TERM
Topical term or geographic name entry element Agriculture
942 ## - ADDED ENTRY ELEMENTS (KOHA)
Classification part J6.1k, N9
Koha item type Textual
Source of classification or shelving scheme Colon Classification (CC)
Holdings
Withdrawn status Lost status Source of classification or shelving scheme Damaged status Not for loan Home library Current library Date acquired Source of acquisition Total Checkouts Full call number Barcode Date last seen Price effective from Koha item type
    Colon Classification (CC)     Department of Chemistry Library Department of Chemistry Library 2022-10-07 Educational,   J6.1k N9 CD0006387 2022-10-07 2022-10-07 Textual
Copyright @ Delhi University Library System